| 000 | 01276cam a2200337 a 4500 | ||
|---|---|---|---|
| 999 |
_c174674 _d174674 |
||
| 001 | 15474168 | ||
| 003 | Nust | ||
| 005 | 20170207090237.0 | ||
| 008 | 081002r20081998enkb b 000 1 eng | ||
| 010 | _a 2008277435 | ||
| 020 | _a9780141023434 (pbk.) | ||
| 040 |
_aDLC _cDLC _dDLC |
||
| 043 | _an-us-ny | ||
| 050 | 0 | 0 |
_aPS3511.I9 _bG7 2008b |
| 082 | 0 | 0 |
_a823 _bFIT |
| 100 | 1 |
_aFitzgerald, F. Scott _q(Francis Scott), _d1896-1940. |
|
| 245 | 1 | 4 |
_aThe great Gatsby / _cF. Scott Fitzgerald |
| 260 |
_aOxford [England] ; _aNew York : _bOxford University Press, _c2006. |
||
| 300 |
_axlv, 183 p. : _c20 cm. |
||
| 490 | 1 | _aOxford world's classics | |
| 504 | _aIncludes bibliographical references (p. [xxxvii]-xl). | ||
| 650 | 0 |
_aRich people _vFiction. |
|
| 650 | 0 |
_aMarried women _vFiction. |
|
| 650 | 0 |
_aFirst loves _vFiction. |
|
| 651 | 0 |
_aLong Island (N.Y.) _vFiction. |
|
| 655 | 0 | _aPsychological fiction. | |
| 655 | 7 |
_aLove stories. _2gsafd |
|
| 700 | 1 | _aPrigozy, Ruth. | |
| 830 | 0 | _aOxford world's classics (Oxford University Press) | |
| 906 |
_a7 _bcbc _corigcop _d2 _encip _f20 _gy-gencatlg |
||
| 942 |
_2ddc _cBK |
||